Konverzačná príručka francúzštiny /
Uložené v:
| Hlavný autor: | |
|---|---|
| Médium: | Kniha |
| Jazyk: | Slovak French |
| Vydané: |
Bratislava :
Slovenské pedagogické nakladateľstvo,
1964.
|
| Vydanie: | 2. vyd. |
| ISBN: |
(viaz.) |
| Fyzický popis: |
248 s. |
| Tagy: |
Pridať tag
Žiadne tagy, Buďte prvý kto otaguje tento záznam!
|
Titul je dostupný aj v ... 

MARC
| LEADER | 00000nam a2200000 a 4500 | ||
|---|---|---|---|
| 001 | 000420821 | ||
| 005 | 20130611200807.0 | ||
| 008 | 021018s1964 xo slo d | ||
| 020 | |a (viaz.) |c Kčs 11,00 | ||
| 040 | |a SVKKK |b slo |c SVKKK |e AACR2 | ||
| 041 | 0 | |a slo |a fre | |
| 044 | |a xo |c SK | ||
| 100 | 1 | |a Lyer, Stanislav |d 1900-1971 |4 aut | |
| 245 | 1 | 0 | |a Konverzačná príručka francúzštiny / |c S. Lyer. |
| 250 | |a 2. vyd. | ||
| 260 | |a Bratislava : |b Slovenské pedagogické nakladateľstvo, |c 1964. | ||
| 300 | |a 248 s. | ||
| 910 | |a svkkk | ||
| 998 | |a BK | ||
| 090 | |g SCKHL |k Sklad Hlavná 10 suterén |a I.26067 |j 335201 |i 2720420188 |s Absenčne | ||
| 090 | |g SCKHL |k Sklad Hlavná 10 suterén |a I.26107 |j 329749 |i 2720420259 |s Absenčne | ||
| 090 | |g SCKHL |k Sklad Pribinova prízemie |a I0.1306 |j 017540 |i 420821-30 |4 Multiplikát |s Vyradená | ||